000 00376 a2200157 4500
001 61429
020 _a8516042472
040 _cAnchieta - Pituba
100 _aBranco, Samuel Murgel
240 1 0 _aTransgênicos
_lpor
245 1 0 _aTransgênicos
300 _a48
362 0 _a2004
650 4 _aAlimentos e plantas geneticamente transformados / Transgênicos
942 _cBK
999 _c61429
_d61429